Southville International School and Colleges
Your cart is empty.
  • Cart
  • Lists
    Public lists Eva Luna New books Lux_list list_1
    Your lists Log in to create your own lists
  • Log in to your account
  • Your cookies
  • Search history
Southville International School and Colleges
  • Advanced search
  • Recent comments
  • Most popular
  • Libraries

Log in to your account

Log in with GOOGLE


If you do not have an external account, but do have a local account, you can still log in:

  1. Home
  2. MARC view: The son /
Normal view MARC view ISBD view

The son / (Record no. 293091)

[ view plain ]
MARC details
000 -LEADER
fixed length control field 02483cam a2200457 i 4500
001 - CONTROL NUMBER
control field 17912732
003 - CONTROL NUMBER IDENTIFIER
control field PILC
005 - DATE AND TIME OF LATEST TRANSACTION
control field 20160330131250.0
008 - FIXED-LENGTH DATA ELEMENTS--GENERAL INFORMATION
fixed length control field 131021s2013 nyu 000 f eng d
010 ## - LIBRARY OF CONGRESS CONTROL NUMBER
LC control number 2013431170
020 ## - INTERNATIONAL STANDARD BOOK NUMBER
International Standard Book Number 9780062120397 (hardcover)
020 ## - INTERNATIONAL STANDARD BOOK NUMBER
International Standard Book Number 0062120395 (hardcover)
020 ## - INTERNATIONAL STANDARD BOOK NUMBER
International Standard Book Number 9780062293589 (international edition)
035 ## - SYSTEM CONTROL NUMBER
System control number (OCoLC)ocn834159090
040 ## - CATALOGING SOURCE
Original cataloging agency UPZ
Language of cataloging eng
Transcribing agency UPZ
Description conventions rda
Modifying agency UPZ
-- YDXCP
-- BTCTA
-- BDX
-- FLWMD
-- FOLLT
-- WVR
-- MNJ
-- BWX
-- OCLCQ
-- COO
-- NSB
-- ZCU
-- CDX
-- CHVBK
-- AU@
-- DLC
042 ## - AUTHENTICATION CODE
Authentication code lccopycat
043 ## - GEOGRAPHIC AREA CODE
Geographic area code n-us-tx
050 00 - LIBRARY OF CONGRESS CALL NUMBER
Classification number PS 3613
Item number .M612 2013
082 04 - DEWEY DECIMAL CLASSIFICATION NUMBER
Classification number 813/.6
100 1# - MAIN ENTRY--PERSONAL NAME
Personal name Meyer, Philipp,
Dates associated with a name 1974-
245 14 - TITLE STATEMENT
Title The son /
Statement of responsibility, etc Philipp Meyer.
250 ## - EDITION STATEMENT
Edition statement 1st edition.
260 ## - PUBLICATION, DISTRIBUTION, ETC. (IMPRINT)
Place of publication, distribution, etc NY :
Name of publisher, distributor, etc Harper Collins Publishers,
Date of publication, distribution, etc 2013.
300 ## - PHYSICAL DESCRIPTION
Extent viii, 561 pages ;
Dimensions 24 cm
520 ## - SUMMARY, ETC.
Summary, etc "Part epic of Texas, part classic coming-of-age story, part unflinching portrait of the bloody price of power, this is a novel that maps the legacy of violence in the American West through the lives of the McCulloughs, an ambitious family as resilient and dangerous as the land they claim. Spring, 1849. Eli McCullough is thirteen years old when a marauding band of Comanches takes him captive. Brave and clever, Eli quickly adapts to life among the Comanches, learning their ways and waging war against their enemies, including white men, which complicates his sense of loyalty and understanding of who he is. But when disease, starvation, and overwhelming numbers of armed Americans decimate the tribe, Eli finds himself alone. Neither white nor Indian, civilized nor fully wild, he must carve a place for himself in a world in which he does not fully belong, a journey of adventure, tragedy, hardship, grit, and luck that reverberates in the lives of his progeny"--
650 #0 - SUBJECT ADDED ENTRY--TOPICAL TERM
Topical term or geographic name as entry element Indian captivities
Form subdivision Fiction.
650 #0 - SUBJECT ADDED ENTRY--TOPICAL TERM
Topical term or geographic name as entry element Comanche Indians
Form subdivision Fiction.
650 #0 - SUBJECT ADDED ENTRY--TOPICAL TERM
Topical term or geographic name as entry element Fathers and sons
Form subdivision Fiction.
650 #0 - SUBJECT ADDED ENTRY--TOPICAL TERM
Topical term or geographic name as entry element Families
Geographic subdivision Texas
Form subdivision Fiction.
650 #0 - SUBJECT ADDED ENTRY--TOPICAL TERM
Topical term or geographic name as entry element Frontier and pioneer life
Geographic subdivision Texas
Form subdivision Fiction.
650 #7 - SUBJECT ADDED ENTRY--TOPICAL TERM
Topical term or geographic name as entry element Roman.
Source of heading or term gnd
650 #7 - SUBJECT ADDED ENTRY--TOPICAL TERM
Topical term or geographic name as entry element Amerikanisches Englisch.
Source of heading or term gnd
651 #0 - SUBJECT ADDED ENTRY--GEOGRAPHIC NAME
Geographic name Texas
Form subdivision Fiction.
655 #7 - INDEX TERM--GENRE/FORM
Genre/form data or focus term Epic fiction.
Source of term gsafd
655 #7 - INDEX TERM--GENRE/FORM
Genre/form data or focus term Western stories.
Source of term gsafd
655 #7 - INDEX TERM--GENRE/FORM
Genre/form data or focus term Epic fiction.
Source of term lcgft
655 #7 - INDEX TERM--GENRE/FORM
Genre/form data or focus term Western stories.
Source of term lcgft
906 ## - LOCAL DATA ELEMENT F, LDF (RLIN)
a 7
b cbc
c copycat
d 2
e ncip
f 20
g y-gencatlg
942 ## - ADDED ENTRY ELEMENTS (KOHA)
Source of classification or shelving scheme Library of Congress Classification
Koha item type Books
Holdings
Withdrawn status Lost status Source of classification or shelving scheme Damaged status Home library Current library Shelving location Date acquired Source of acquisition Sub Shelving location Total Checkouts Full call number Barcode Date last seen Price effective from Koha item type
    Library of Congress Classification   College Library College Library Fiction Section 03/30/2016 Donation     PS 3613 .M612 2013 C20514 05/08/2018 03/30/2016 Books

The son /

APA

Meyer P., . (2013). The son. NY: Harper Collins Publishers.

Chicago

Meyer Philipp, . 2013. The son. NY: Harper Collins Publishers.

Harvard

Meyer P., . (2013). The son. NY: Harper Collins Publishers.

MLA

Meyer Philipp, . The son. NY: Harper Collins Publishers. 2013.

  • Place hold
  • Print
  • Cite
  • Add to your cart (remove)
  • Save record
    BIBTEX Dublin Core MARCXML MARC (non-Unicode/MARC-8) MARC (Unicode/UTF-8) MARC (Unicode/UTF-8, Standard) MODS (XML) RIS
  • More searches
    Search for this title in:
    Other Libraries (WorldCat) Other Databases (Google Scholar) Online Stores (Bookfinder.com) Open Library (openlibrary.org)

Exporting to Dublin Core...

SOUTHVILLE LIBRARY

Southville International School and Colleges Library

1281 Tropical Ave. Cor. Luxembourg St., BF Homes International, Las Pinas City

Tel. No. 8256374 / 252358 Loc. 117/146

Powered by Koha